000
00241nam a2200109Ia 4500
008
190216s9999||||xx |||||||||||||| ||und||
100
_a
Tagore
245
0
_a
Katharethnangal
260
_b
Sahithya Accadamy
650
_a
Kathakal
942
_c
BK
999
_c
30268
_d
30268